Fenerbahçe Current Squad by Photos (25/26) - Statistics

General Stats
  • This quiz has been taken 67 times
    20 since last reset
  • The average score is 24 of 29
Answer Stats
Picture Hint Answer % Correct
#31 Ederson
100%
#37 Milan Škriniar
100%
#4 Çağlar Söyüncü
94%
#7 Fred
94%
#10 Jhon Duran
94%
#94 Talisca
94%
#11 Edson Alvarez
88%
#24 Jayden Oosterwolde
88%
#9 Kerem Aktürkoğlu
88%
#21 Marco Asensio
88%
#27 Nelson Semedo
88%
#50 Rodrigo Becão
88%
#19 Youssef En-Nesyri
88%
#23 Cenk Tosun
82%
#45 Dorgeles Nene
82%
#17 İrfan Can Kahveci
82%
#5 İsmail Yüksek
82%
#22 Levent Mercan
82%
#8 Mert Hakan Yandaş
82%
#18 Mert Müldür
82%
#70 Oğuz Aydın
82%
#3 Archie Brown
76%
#1 İrfan Can Eğribayat
76%
#53 Sebastian Szymański
76%
#60 Abdou Aziz Fall
71%
#13 Tarık Çetin
71%
#14 Yiğit Efe Demir
71%
#28 Bartuğ Elmaz
59%
#39 Engin Can Biterge
41%
No matching quizzes found
Score Distribution
Percent of People with Each Score
Percentile by Number Answered
Your Score History
You have not taken this quiz since the last reset